KLT based predictive aircraft tracking in low resolution images / (Record no. 540743)
[ view plain ]
| 000 -LEADER | |
|---|---|
| fixed length control field | 00480nam a22001457a 4500 |
| 082 ## - DEWEY DECIMAL CLASSIFICATION NUMBER | |
| Classification number | 621.39 |
| 100 ## - MAIN ENTRY--PERSONAL NAME | |
| Personal name | Ali, Khawar |
| 245 ## - TITLE STATEMENT | |
| Title | KLT based predictive aircraft tracking in low resolution images / |
| Statement of responsibility, etc. | Khawar Ali. |
| 260 ## - PUBLICATION, DISTRIBUTION, ETC. | |
| Place of publication, distribution, etc. | Islamabad: |
| Name of publisher, distributor, etc. | CEME - NUST, |
| Date of publication, distribution, etc. | 2013. |
| 300 ## - PHYSICAL DESCRIPTION | |
| Extent | Var p.: ill.; |
| Dimensions | 30cm. |
| 650 ## - SUBJECT ADDED ENTRY--TOPICAL TERM | |
| Topical term or geographic name entry element | Computer Engineering - MS Theses. |
| 700 ## - ADDED ENTRY--PERSONAL NAME | |
| Personal name | Sup: Dr. Shoab Ahmad Khan. |
| 942 ## - ADDED ENTRY ELEMENTS (KOHA) | |
| Source of classification or shelving scheme | |
| Koha item type | Thesis |
| 650 ## - SUBJECT ADDED ENTRY--TOPICAL TERM | |
| -- | 34671 |
| 700 ## - ADDED ENTRY--PERSONAL NAME | |
| -- | 34853 |
| Withdrawn status | Lost status | Source of classification or shelving scheme | Damaged status | Not for loan | Permanent Location | Current Location | Shelving location | Date acquired | Total Checkouts | Full call number | Barcode | Date last seen | Price effective from | Koha item type |
|---|---|---|---|---|---|---|---|---|---|---|---|---|---|---|
| Central Library (CL) | Central Library (CL) | Thesis | 11/06/2020 | 621.39 | CL-T-759 | 11/06/2020 | 11/06/2020 | Thesis |
